Welcome to CU Library Online Public Access Catalogue (OPAC)

The business and marketing environment / (Record no. 5681)

MARC details
000 -LEADER
fixed length control field 00713pam a2200241 a 4500
001 - CONTROL NUMBER
control field 3524434
005 - DATE AND TIME OF LATEST TRANSACTION
control field 20250506160734.0
008 - FIXED-LENGTH DATA ELEMENTS--GENERAL INFORMATION
fixed length control field 960419s1996 enka b 001 0 eng
020 ## - INTERNATIONAL STANDARD BOOK NUMBER
International Standard Book Number 0077092627 (pbk : alk. paper)
050 00 - LIBRARY OF CONGRESS CALL NUMBER
Classification number HF5415
Item number .P234 1996
082 00 - DEWEY DECIMAL CLASSIFICATION NUMBER
Classification number 658.8
Edition information 20
100 1# - MAIN ENTRY--PERSONAL NAME
Personal name Palmer, Adrian.
245 14 - TITLE STATEMENT
Title The business and marketing environment /
Statement of responsibility, etc. Adrian Palmer and Bob Hartley.
250 ## - EDITION STATEMENT
Edition statement 2nd ed.
260 ## - PUBLICATION, DISTRIBUTION, ETC.
Place of publication, distribution, etc. London ;
-- New York :
Name of publisher, distributor, etc. McGraw-Hill,
Date of publication, distribution, etc. c1996.
300 ## - PHYSICAL DESCRIPTION
Extent xiii, 340 p. :
Other physical details ill. ;
Dimensions 25 cm.
650 #0 - SUBJECT ADDED ENTRY--TOPICAL TERM
Topical term or geographic name entry element Marketing.
650 #0 - SUBJECT ADDED ENTRY--TOPICAL TERM
Topical term or geographic name entry element Export marketing.
650 #0 - SUBJECT ADDED ENTRY--TOPICAL TERM
Topical term or geographic name entry element Organizational effectiveness.
650 #0 - SUBJECT ADDED ENTRY--TOPICAL TERM
Topical term or geographic name entry element Marketing research.
700 1# - ADDED ENTRY--PERSONAL NAME
Personal name Hartley, Bob.
942 ## - ADDED ENTRY ELEMENTS (KOHA)
Source of classification or shelving scheme Library of Congress Classification
Koha item type Books
Suppress in OPAC No
999 ## -
-- 5681
-- 5681
Holdings
Withdrawn status Lost status Source of classification or shelving scheme Damaged status Not for loan Collection Home library Current library Shelving location Date acquired Total checkouts Full call number Barcode Date last seen Copy number Price effective from Koha item type
    Library of Congress Classification     Non-fiction Undergraduate Library (Christ Temple) Undergraduate Library (Christ Temple) General stacks 05/06/2025   HF5415 PAL ulct00002243 05/06/2025 1 05/06/2025 Books
    Library of Congress Classification     Non-fiction Undergraduate Library (Christ Temple) Undergraduate Library (Christ Temple) General stacks 05/06/2025   HF5415 PAL ulct00002244 05/06/2025 2 05/06/2025 Books
© 2023-2024 Copyright: Central University Libraries. All Rights Reserved | Created by: Mahone Tech Office